000 01176nam a2200361 i 4500
001 12025
003 KOSZ 005
005 20240405063011.0
008 071208s1967 pl g 000 0 pol
015 _aPB 1967/3946
040 _aWA N
_cWA N
_dKOSZ 005/RW
_dKOSZ 005/HR
041 0 _apol
_bfre
_brus
046 _k1967
080 _a342(438)
100 1 _aRozmaryn, Stefan
_d(1908-1969)
_eAutor
245 1 0 _aKonstytucja jako ustawa zasadnicza Polskiej Rzeczypospolitej Ludowej /
_cStefan Rozmaryn.
250 _aWyud. 2 zm. i uzup.
260 _aWarszawa :
_bPaństwowe Wydawnictwo Naukowe,
_c1967.
300 _a371, [1] s. ;
_c23 cm.
380 _aKsiążki
388 _a1901-2000
388 _a1945-1989
546 _aStreszcz. ros., fr.
648 7 _a1901-2000
648 7 _a1945-1989
650 7 _aPrawo konstytucyjne
650 7 _aKonstytucja
651 4 _aPolska
658 _aPrawo i wymiar sprawiedliwości
710 2 _aPaństwowe Wydawnictwo Naukowe
_4pbl.
856 _uhttp://koha.tu.koszalin.pl/cgi-bin/koha/opac-detail.pl?biblionumber=12025
_yKatalog online BPK
942 _2UKD
_cKS
999 _c12025
_d12025